[Event "Kandidatklassen"]
[Site "?"]
[Date "2018.03.30"]
[Round "4.10"]
[White "Kistrup (2082), Nicolai"]
[Black "Kvist Brondt Pedersen (2171), Nicolai"]
[Result "1-0"]
[BlackElo "2171"]
[WhiteElo "2082"]
[LiveChessVersion "1.4.8"]

1. d4 {[%clk 1:30:52]} d5 {[%clk 1:30:52]} 2. c4 {[%clk 1:30:17]} c6
{[%clk 1:31:17]} 3. Nf3 {[%clk 1:30:06]} Nf6 {[%clk 1:31:41]} 4. Nc3
{[%clk 1:30:13]} dxc4 {[%clk 1:32:07]} 5. a4 {[%clk 1:29:50]} e6 {[%clk 1:32:32]}
6. e3 {[%clk 1:29:59]} c5 {[%clk 1:32:47]} 7. Bxc4 {[%clk 1:30:09]} Nc6
{[%clk 1:32:03]} 8. O-O {[%clk 1:30:13]} cxd4 {[%clk 1:32:06]} 9. exd4
{[%clk 1:30:16]} Be7 {[%clk 1:31:57]} 10. Qe2 {[%clk 1:12:14]} O-O
{[%clk 1:29:33]} 11. Rd1 {[%clk 1:11:47]} Nb4 {[%clk 1:28:03]} 12. Bg5
{[%clk 1:09:44]} Bd7 {[%clk 1:25:57]} 13. d5 {[%clk 0:57:15]} exd5
{[%clk 1:14:21]} 14. Nxd5 {[%clk 0:52:02]} Nbxd5 {[%clk 0:50:36]} 15. Bxd5
{[%clk 0:51:59]} Nxd5 {[%clk 0:48:19]} 16. Rxd5 {[%clk 0:39:28]} Bxg5
{[%clk 0:47:18]} 17. Nxg5 {[%clk 0:39:35]} h6 {[%clk 0:45:05]} 18. Qd2
{[%clk 0:36:46]} hxg5 {[%clk 0:44:22]} 19. Rxd7 {[%clk 0:36:48]} Qb6
{[%clk 0:43:38]} 20. a5 {[%clk 0:33:45]} Qb5 {[%clk 0:28:22]} 21. Rd5
{[%clk 0:32:49]} Qc4 {[%clk 0:25:08]} 22. Qxg5 {[%clk 0:26:33]} Rac8
{[%clk 0:24:08]} 23. h4 {[%clk 0:24:57]} f6 {[%clk 0:20:24]} 24. Qf5
{[%clk 0:22:12]} Rfe8 {[%clk 0:16:11]} 25. Rad1 {[%clk 0:17:10]} Qxh4
{[%clk 0:13:16]} 26. Rd7 {[%clk 0:16:07]} Qc4 {[%clk 0:05:32]} 27. Qg6
{[%clk 0:15:33]} 1-0

[Event "Kandidatklassen"]
[Site "?"]
[Date "2018.03.30"]
[Round "4.11"]
[White "Bæhring Madsen (2140), Michael"]
[Black "Easwaralingam (2037), Adesh"]
[Result "1-0"]
[BlackElo "2037"]
[WhiteElo "2140"]
[LiveChessVersion "1.4.8"]

1. d4 {[%clk 1:30:57]} Nf6 {[%clk 1:30:48]} 2. Nf3 {[%clk 1:31:20]} e6
{[%clk 1:30:35]} 3. g3 {[%clk 1:31:43]} d5 {[%clk 1:30:29]} 4. Bg2
{[%clk 1:32:05]} Be7 {[%clk 1:30:29]} 5. O-O {[%clk 1:31:04]} O-O
{[%clk 1:30:31]} 6. c4 {[%clk 1:31:27]} b6 {[%clk 1:26:55]} 7. Qc2
{[%clk 1:31:17]} Bb7 {[%clk 1:27:00]} 8. Rd1 {[%clk 1:30:51]} Nbd7
{[%clk 1:26:05]} 9. Nc3 {[%clk 1:30:22]} Rc8 {[%clk 1:24:52]} 10. cxd5
{[%clk 1:24:42]} Nxd5 {[%clk 1:24:30]} 11. e4 {[%clk 1:24:50]} Nxc3
{[%clk 1:23:43]} 12. bxc3 {[%clk 1:24:58]} b5 {[%clk 1:05:14]} 13. a4
{[%clk 1:17:17]} a6 {[%clk 1:03:29]} 14. Rb1 {[%clk 1:17:24]} Nb6
{[%clk 0:58:37]} 15. axb5 {[%clk 1:16:39]} axb5 {[%clk 0:59:01]} 16. Rxb5
{[%clk 1:16:01]} Bc6 {[%clk 0:58:47]} 17. Ra5 {[%clk 1:12:25]} Ra8
{[%clk 0:57:02]} 18. Rxa8 {[%clk 1:10:02]} Qxa8 {[%clk 0:57:26]} 19. Re1
{[%clk 1:10:21]} Nc4 {[%clk 0:53:48]} 20. Nd2 {[%clk 0:54:48]} Na3
{[%clk 0:38:51]} 21. Qd3 {[%clk 0:54:35]} Qa4 {[%clk 0:37:56]} 22. c4
{[%clk 0:37:49]} Nc2 {[%clk 0:30:06]} 23. Rf1 {[%clk 0:38:01]} Rd8
{[%clk 0:27:27]} 24. d5 {[%clk 0:37:30]} Bb7 {[%clk 0:27:47]} 25. Bb2
{[%clk 0:31:46]} exd5 {[%clk 0:25:14]} 26. exd5 {[%clk 0:29:00]} Nb4
{[%clk 0:21:17]} 27. Qe4 {[%clk 0:25:58]} Bf8 {[%clk 0:20:04]} 28. Ra1
{[%clk 0:24:15]} Qd7 {[%clk 0:19:22]} 29. Bc3 {[%clk 0:22:59]} Na6
{[%clk 0:19:04]} 30. Qb1 {[%clk 0:21:56]} Rb8 {[%clk 0:15:30]} 1-0

[Event "Kandidatklassen"]
[Site "?"]
[Date "2018.03.30"]
[Round "4.12"]
[White "Søndergaard Thybo (2044), Thomas"]
[Black "Brustrup Petersen (2109), Steen"]
[Result "1-0"]
[BlackElo "2109"]
[WhiteElo "2044"]
[LiveChessVersion "1.4.8"]

1. e4 {[%clk 1:30:56]} e5 {[%clk 1:30:55]} 2. Nf3 {[%clk 1:31:12]} Nc6
{[%clk 1:31:18]} 3. Bb5 {[%clk 1:31:34]} a6 {[%clk 1:31:41]} 4. Bxc6
{[%clk 1:31:43]} dxc6 {[%clk 1:31:55]} 5. O-O {[%clk 1:32:06]} Bg4
{[%clk 1:31:13]} 6. h3 {[%clk 1:32:00]} h5 {[%clk 1:31:34]} 7. d3
{[%clk 1:31:34]} Qf6 {[%clk 1:31:47]} 8. Nbd2 {[%clk 1:31:52]} g5
{[%clk 1:31:44]} 9. b4 {[%clk 1:27:20]} Qg7 {[%clk 1:18:34]} 10. Nc4
{[%clk 1:27:08]} f6 {[%clk 1:10:46]} 11. hxg4 {[%clk 1:27:20]} hxg4
{[%clk 1:11:07]} 12. Nxg5 {[%clk 1:27:43]} Qd7 {[%clk 0:50:19]} 13. f4
{[%clk 0:57:00]} b5 {[%clk 0:42:55]} 14. Bb2 {[%clk 0:41:32]} bxc4
{[%clk 0:32:50]} 15. fxe5 {[%clk 0:37:01]} fxg5 {[%clk 0:25:32]} 16. e6
{[%clk 0:36:10]} Qxe6 {[%clk 0:21:04]} 17. Bxh8 {[%clk 0:35:58]} O-O-O
{[%clk 0:21:25]} 18. Bc3 {[%clk 0:33:37]} c5 {[%clk 0:17:10]} 19. a3
{[%clk 0:33:02]} g3 {[%clk 0:12:36]} 20. Qf3 {[%clk 0:32:18]} cxb4
{[%clk 0:12:55]} 21. axb4 {[%clk 0:32:17]} Bxb4 {[%clk 0:13:15]} 22. d4
{[%clk 0:24:37]} Bxc3 {[%clk 0:10:33]} 23. Qxc3 {[%clk 0:25:02]} Qxe4
{[%clk 0:10:44]} 24. Qxc4 {[%clk 0:19:31]} Qxd4+ {[%clk 0:02:17]} 25. Qxd4
{[%clk 0:19:52]} Rxd4 {[%clk 0:02:46]} 26. Rf8+ {[%clk 0:19:58]} Rd8
{[%clk 0:03:14]} 27. Rxd8+ {[%clk 0:20:02]} Kxd8 {[%clk 0:03:43]} 28. Rxa6
{[%clk 0:20:21]} Ne7 {[%clk 0:04:06]} 29. Ra3 {[%clk 0:19:02]} Nf5
{[%clk 0:01:45]} 30. Ra5 {[%clk 0:17:04]} Ne3 {[%clk 0:01:13]} 31. c3
{[%clk 0:17:25]} g4 {[%clk 0:01:15]} 32. Re5 {[%clk 0:17:47]} Nc2
{[%clk 0:00:39]} 33. Re4 {[%clk 0:18:11]} c5 {[%clk 0:00:52]} 34. Rxg4
{[%clk 0:18:23]} Kc7 {[%clk 0:01:09]} 35. Rxg3 {[%clk 0:18:43]} Kb6
{[%clk 0:01:27]} 36. Kf2 {[%clk 0:18:57]} Kb5 {[%clk 0:01:43]} 37. Rg4
{[%clk 0:18:48]} c4 {[%clk 0:01:42]} 38. Re4 {[%clk 0:18:40]} Na3
{[%clk 0:01:49]} 39. g4 {[%clk 0:18:40]} Nb1 {[%clk 0:01:49]} 40. Re3
{[%clk 0:18:50]} Ka4 {[%clk 0:01:57]} 41. g5 {[%clk 0:18:29]} Kb3
{[%clk 0:29:19]} 42. g6 {[%clk 0:49:43]} Nxc3 {[%clk 0:29:43]} 43. g7
{[%clk 0:50:07]} Kb2 {[%clk 0:30:02]} 44. Rxc3 {[%clk 0:50:29]} 1-0

[Event "Kandidatklassen"]
[Site "?"]
[Date "2018.03.30"]
[Round "4.13"]
[White "Hardlei (2092), Johan"]
[Black "Hovgaard Schack (2055), Asbjørn"]
[Result "1/2-1/2"]
[BlackElo "2055"]
[WhiteElo "2092"]
[LiveChessVersion "1.4.8"]

1. d4 {[%clk 1:30:54]} Nf6 {[%clk 1:30:35]} 2. Bg5 {[%clk 1:30:53]} g6
{[%clk 1:29:28]} 3. Bxf6 {[%clk 1:29:52]} exf6 {[%clk 1:29:51]} 4. c4
{[%clk 1:28:52]} Bg7 {[%clk 1:28:34]} 5. Nc3 {[%clk 1:28:11]} O-O
{[%clk 1:28:26]} 6. g3 {[%clk 1:27:19]} d6 {[%clk 1:26:43]} 7. Bg2
{[%clk 1:27:42]} Nd7 {[%clk 1:25:26]} 8. e3 {[%clk 1:26:16]} f5 {[%clk 1:24:04]}
9. Nge2 {[%clk 1:26:02]} c6 {[%clk 1:23:14]} 10. O-O {[%clk 1:25:45]} a5
{[%clk 1:18:16]} 11. a3 {[%clk 1:23:15]} Nf6 {[%clk 1:15:49]} 12. b4
{[%clk 1:22:23]} axb4 {[%clk 1:13:56]} 13. axb4 {[%clk 1:22:47]} Rxa1
{[%clk 1:14:22]} 14. Qxa1 {[%clk 1:23:12]} Qc7 {[%clk 1:13:28]} 15. Qa7
{[%clk 1:12:36]} Re8 {[%clk 1:05:06]} 16. Rc1 {[%clk 1:04:24]} Qe7
{[%clk 0:51:41]} 17. b5 {[%clk 0:57:27]} Ne4 {[%clk 0:47:41]} 18. Nxe4
{[%clk 0:30:40]} fxe4 {[%clk 0:47:44]} 19. bxc6 {[%clk 0:29:39]} bxc6
{[%clk 0:47:10]} 20. Qb6 {[%clk 0:29:03]} c5 {[%clk 0:26:54]} 21. Ra1
{[%clk 0:25:13]} cxd4 {[%clk 0:20:56]} 22. Nxd4 {[%clk 0:23:56]} Bxd4
{[%clk 0:15:36]} 23. Qxd4 {[%clk 0:24:03]} Bf5 {[%clk 0:14:31]} 24. Ra7
{[%clk 0:17:27]} Qe5 {[%clk 0:12:53]} 25. Ra6 {[%clk 0:10:59]} Qxd4
{[%clk 0:03:15]} 26. exd4 {[%clk 0:11:25]} Rb8 {[%clk 0:03:25]} 27. Ra1
{[%clk 0:07:12]} Rb4 {[%clk 0:02:58]} 28. Rc1 {[%clk 0:07:07]} d5
{[%clk 0:02:31]} 29. Bf1 {[%clk 0:06:23]} dxc4 {[%clk 0:02:22]} 30. Bxc4
{[%clk 0:06:48]} Rb2 {[%clk 0:02:14]} 31. Rd1 {[%clk 0:02:58]} Bg4
{[%clk 0:02:34]} 32. Re1 {[%clk 0:02:50]} Bf3 {[%clk 0:01:53]} 33. d5
{[%clk 0:01:05]} Rd2 {[%clk 0:01:42]} 34. h3 {[%clk 0:00:55]} e3 {[%clk 0:00:39]}
35. Rxe3 Rd1+ 1/2-1/2